000 00332nam a22001217a 4500
003 SGT
082 _a954
_bA15K
100 _aकंधवे, आशीष
245 _aआधुनिक साहित्य
260 _bआधुनिक साहित्य प्रकाशन
_c2015
300 _a224
942 _2ddc
_cBK
999 _c29314
_d29314